[Event "N�-LL 2007_08"]
[Site "?"]
[Date "2007.09.16"]
[Round "1"]
[White "Kummer, Helmuth"]
[Black "Penz, Harald"]
[Result "1-0"]
[WhiteElo "2324"]
[BlackElo "2329"]
[Annotator "Mauerbach : Bad V�slau-Kottingbrunn"]
[PlyCount "127"]
[EventDate "2007.09.21"]
[SourceDate "2007.09.21"]

1. d4 d5 2. c4 c5 3. cxd5 Qxd5 4. Nf3 cxd4 5. Nc3 Qa5 6. Nxd4 Nf6 7. g3 e5 8.
Ndb5 Bd7 9. Nd6+ Bxd6 10. Qxd6 Nc6 11. Bg2 O-O-O 12. Be3 Be6 13. Qc5 Qxc5 14.
Bxc5 Nd5 15. Rc1 Kb8 16. Nb5 a6 17. Bd6+ Ka8 18. Nc7+ Nxc7 19. Bxc7 Rc8 20. Bb6
Nd4 21. Rxc8+ Rxc8 22. Bxd4 exd4 23. Kd2 Bxa2 24. Ra1 Bc4 25. Be4 Rd8 26. Rc1
Bd5 27. Bxd5 Rxd5 28. Rc7 Rb5 29. Kc2 Rf5 30. f4 Kb8 31. Re7 Rc5+ 32. Kd3 Rc7
33. Re8+ Ka7 34. Kxd4 Kb6 35. e4 Rd7+ 36. Kc3 Kc6 37. e5 h5 38. e6 Rc7 39. exf7
Rxf7 40. Re6+ Kc7 41. Kd4 h4 {bietet Remis} 42. Ke5 hxg3 43. hxg3 a5 44. g4 a4
45. f5 Rd7 46. Rg6 Rd2 47. Rxg7+ Kc6 48. f6 Rxb2 49. f7 Re2+ 50. Kf6 Rf2+ 51.
Kg6 b5 52. Rg8 b4 53. f8=Q Rxf8 54. Rxf8 b3 55. Rb8 Kc5 56. Kf7 Kc4 57. g5 a3
58. g6 a2 59. g7 a1=Q 60. g8=Q Qf1+ 61. Ke7+ Kd4 62. Qg4+ Kc3 63. Qb4+ Kc2 64.
Qxb3+ 1-0

[Event "N�-LL 2007/08"]
[Site "?"]
[Date "2007.09.30"]
[Round "2"]
[White "Svanda, Pavel"]
[Black "Csonka, Attila"]
[Result "1/2-1/2"]
[WhiteElo "2246"]
[BlackElo "2312"]
[Annotator "Schwarzatal : Waidhofen"]
[PlyCount "105"]
[EventDate "2007.09.21"]
[SourceDate "2007.09.21"]

1. e4 c5 2. Nf3 e6 3. d4 cxd4 4. Nxd4 Nc6 5. Nc3 Qc7 6. Be2 a6 7. O-O Nf6 8.
Kh1 Bb4 9. Qd3 h5 10. f4 Nxd4 11. Qxd4 Bc5 12. Qd1 b5 13. e5 Ng4 14. Ne4 Bb7
15. Nxc5 Qxc5 16. Bf3 Bxf3 17. Qxf3 Rc8 18. Bd2 g6 19. h3 Rc6 20. Rac1 Nh6 21.
a3 Nf5 22. Bb4 Qe3 23. Qxe3 Nxe3 24. Rf2 d5 25. exd6 Nd5 26. b3 Kd7 27. c4 Rhc8
28. c5 a5 29. Bxa5 Rxc5 30. Rxc5 Rxc5 31. g4 hxg4 32. hxg4 Ne3 33. Rf3 Nxg4 34.
Bb4 Rc1+ 35. Kg2 Nf6 36. Rc3 Rxc3 37. Bxc3 Nd5 38. Bd2 Kxd6 39. a4 bxa4 40.
bxa4 Nb6 41. a5 Nc4 42. Bc3 Kc6 43. Kf3 f5 44. Be1 Kb5 45. Kg3 Nxa5 46. Kh4 Nc6
47. Kg5 Ne7 48. Kf6 Nd5+ 49. Kxe6 Nxf4+ 50. Kf6 Ng2 51. Kxg6 f4 52. Kf5 f3 53.
Bf2 1/2-1/2

[Event "N�-LL 2007/08"]
[Site "?"]
[Date "2007.09.30"]
[Round "2"]
[White "Degen, Gerhard"]
[Black "Brychta, David"]
[Result "1-0"]
[WhiteElo "2095"]
[BlackElo "2160"]
[Annotator "Schwarzatal : Waidhofen"]
[PlyCount "59"]
[EventDate "2007.09.21"]
[SourceDate "2007.09.21"]

1. e4 Nf6 2. Nc3 d5 3. e5 Nfd7 4. d4 e6 5. Nf3 c5 6. Bg5 Qb6 7. Be2 cxd4 8. Nb5
a6 9. Nbxd4 Qxb2 10. O-O Qc3 11. Bd2 Qc7 12. c4 dxc4 13. Bxc4 Nxe5 14. Nxe5
Qxe5 15. Nf3 Qc7 16. Rc1 Nc6 17. Bc3 f6 18. Re1 Be7 19. Bxe6 Bxe6 20. Rxe6 O-O
21. Qb3 Kh8 22. Rb1 Rab8 23. Qc4 Qd7 24. Qe2 Bc5 25. Rd1 Qf7 26. Re1 Rbd8 27.
Qc4 Ba7 28. Bb4 Ne5 29. Qb3 Rfe8 30. R6xe5 1-0

[Event "N�-LL 2007/08"]
[Site "?"]
[Date "2007.09.30"]
[Round "2"]
[White "Kropik, Martin"]
[Black "Braun, Karl-Heinz"]
[Result "1/2-1/2"]
[WhiteElo "2089"]
[BlackElo "2036"]
[Annotator "Schwarzatal : Waidhofen"]
[PlyCount "50"]
[EventDate "2007.09.21"]
[SourceDate "2007.09.21"]

1. d4 d5 2. c4 c6 3. Nc3 Nf6 4. Bg5 Ne4 5. Nxe4 dxe4 6. g3 g6 7. Qd2 Bg7 8. Rd1
O-O 9. Bg2 f5 10. h4 Be6 11. b3 a5 12. Nh3 Bf7 13. Bh6 a4 14. Bxg7 Kxg7 15. O-O
axb3 16. axb3 Nd7 17. Qb2 Nf6 18. Nf4 Qb6 19. d5 cxd5 20. Nxd5 Bxd5 21. Rxd5
Kf7 22. Rb5 Qc7 23. Ra1 b6 24. Bh3 Rxa1+ 25. Qxa1 Rd8 1/2-1/2

[Event "N�-LL 2007/08"]
[Site "?"]
[Date "2007.09.30"]
[Round "2"]
[White "Matevosyan, Andy"]
[Black "Rosenauer, Harald"]
[Result "1-0"]
[WhiteElo "2010"]
[BlackElo "1981"]
[Annotator "Schwarzatal : Waidhofen"]
[PlyCount "69"]
[EventDate "2007.09.21"]
[SourceDate "2007.09.21"]

1. e4 e6 2. d3 d5 3. Nd2 Ne7 4. Ngf3 g6 5. g3 Bg7 6. Bg2 c5 7. O-O O-O 8. Re1
Nbc6 9. e5 a5 10. Nf1 Nf5 11. h4 f6 12. exf6 Bxf6 13. N1h2 h5 14. Ng5 Qd6 15.
Bf4 e5 16. Bd2 Be6 17. Nxe6 Qxe6 18. Nf3 Rad8 19. Ng5 Qd6 20. g4 hxg4 21. Qxg4
Rd7 22. c4 Nfe7 23. Ne6 Rf7 24. h5 Bg7 25. h6 Bf6 26. Bh3 dxc4 27. Be3 Nd4 28.
Nxd4 cxd4 29. Qxd7 Qxd7 30. Bxd7 dxe3 31. Be6 exf2+ 32. Kxf2 Bh4+ 33. Ke2 Bxe1
34. Rxe1 Nf5 35. h7+ 1-0

[Event "N�-LL 2007/08"]
[Site "?"]
[Date "2007.09.30"]
[Round "2"]
[White "Gr�tz, Harald"]
[Black "Trkulja, Zoran"]
[Result "0-1"]
[WhiteElo "2321"]
[BlackElo "2199"]
[Annotator "Bisamberg : Stockerau"]
[PlyCount "83"]
[EventDate "2007.09.21"]
[SourceDate "2007.09.21"]

1. e4 e6 2. d4 d5 3. Nd2 Be7 4. Bd3 c5 5. dxc5 Nf6 6. Qe2 Nc6 7. Ngf3 Nb4 8. e5
Nd7 9. Nb3 Nxd3+ 10. cxd3 Nxc5 11. Nxc5 Bxc5 12. d4 Be7 13. O-O a5 14. Bd2 b6
15. Rfc1 Ba6 16. Qe3 O-O 17. Rc6 Bc4 18. b3 Bb5 19. Rc2 a4 20. Qe1 Bd3 21. Rc3
Be4 22. h3 Ba3 23. Qe2 Bb2 24. Bg5 Bxa1 25. Bxd8 Bxc3 26. Bxb6 axb3 27. axb3
Rfb8 28. Qe3 Rxb6 29. Qxc3 Bxf3 30. Qxf3 Rab8 31. h4 Rxb3 32. Qg4 Rd3 33. h5 h6
34. Qh4 Rd1+ 35. Kh2 Rd2 36. f3 Kf8 37. Kg3 Ke8 38. Qg4 Rbb2 39. Kh3 Rxg2 40.
Qxg2 Rxg2 41. Kxg2 Kd7 42. f4 0-1

[Event "N�-LL 2007/08"]
[Site "?"]
[Date "2007.09.30"]
[Round "2"]
[White "Sadilek, Peter"]
[Black "Hangweyrer, Manfred"]
[Result "1/2-1/2"]
[WhiteElo "2110"]
[BlackElo "2372"]
[Annotator "Bisamberg : Stockerau"]
[PlyCount "32"]
[EventDate "2007.09.21"]
[SourceDate "2007.09.21"]

1. e4 c5 2. Nf3 Nc6 3. Bb5 g6 4. O-O Bg7 5. c3 Nf6 6. e5 Nd5 7. d4 cxd4 8. cxd4
O-O 9. Nc3 Nc7 10. a4 d5 11. h3 a6 12. Bxc6 bxc6 13. a5 Nb5 14. Bf4 Bf5 15. Qd2
Nxc3 16. Qxc3 Qd7 1/2-1/2

[Event "N�-LL 2007/08"]
[Site "?"]
[Date "2007.09.30"]
[Round "2"]
[White "Batyte, Daiva"]
[Black "Wetscherek, Gerhard"]
[Result "1/2-1/2"]
[WhiteElo "2219"]
[BlackElo "2070"]
[Annotator "Bisamberg : Stockerau"]
[PlyCount "66"]
[EventDate "2007.09.21"]
[SourceDate "2007.09.21"]

1. e4 d6 2. d4 g6 3. Bc4 Bg7 4. Nf3 Nf6 5. Nc3 c6 6. a4 O-O 7. O-O d5 8. Bd3
dxe4 9. Nxe4 Bg4 10. c3 Nbd7 11. Bf4 Nd5 12. Bg5 h6 13. Bd2 Qc7 14. h3 Bxf3 15.
Qxf3 f5 16. Nc5 Nxc5 17. dxc5 e5 18. Qg3 Kh7 19. f4 e4 20. Bc4 Rad8 21. Rfd1
Qe7 22. Be3 Nxe3 23. Qxe3 Rd7 24. Be2 Rfd8 25. Rxd7 Rxd7 26. b4 Qe6 27. Ra3 Qd5
28. Kf2 Bf6 29. g3 Kg7 30. h4 h5 31. a5 a6 32. Ke1 Kf8 33. Qc1 Ke7 1/2-1/2

[Event "N�-LL 2007/08"]
[Site "?"]
[Date "2007.09.30"]
[Round "2"]
[White "Pammer, Andreas"]
[Black "Schmid, Thomas"]
[Result "1/2-1/2"]
[WhiteElo "2084"]
[BlackElo "2201"]
[Annotator "Bisamberg : Stockerau"]
[PlyCount "71"]
[EventDate "2007.09.21"]
[SourceDate "2007.09.21"]

1. c4 Nf6 2. Nc3 g6 3. d4 Bg7 4. e4 d6 5. h3 O-O 6. Be3 Na6 7. Bd3 e5 8. d5 Nh5
9. g3 Qe8 10. Be2 Nf6 11. g4 Nd7 12. a3 f5 13. gxf5 gxf5 14. exf5 e4 15. Bh5
Qe7 16. Nge2 Ne5 17. Rg1 Bxf5 18. Nd4 Nc5 19. Qe2 Nf3+ 20. Bxf3 exf3 21. Nxf5
Rxf5 22. Qc2 Re5 23. O-O-O Rxe3 24. fxe3 Qxe3+ 25. Kb1 f2 26. Rgf1 Rf8 27. Rd2
Qe1+ 28. Qd1 Qxd1+ 29. Nxd1 Ne4 30. Rd3 Be5 31. Kc2 Rf4 32. b3 Kf7 33. Re3 Bd4
34. Rd3 Be5 35. Re3 Bd4 36. Rd3 1/2-1/2

[Event "N�-LL 2007/08"]
[Site "?"]
[Date "2007.09.30"]
[Round "2"]
[White "Ponjican, Erich"]
[Black "Goetz, Alexander"]
[Result "1/2-1/2"]
[WhiteElo "2160"]
[BlackElo "2163"]
[Annotator "Niederabsdorf - Mauerbach"]
[PlyCount "44"]
[EventDate "2007.09.21"]
[SourceDate "2007.09.21"]

1. e4 c5 2. Nf3 Nc6 3. d4 cxd4 4. Nxd4 Nf6 5. Nc3 e5 6. Ndb5 d6 7. Bg5 a6 8.
Na3 b5 9. Nd5 Be7 10. Bxf6 Bxf6 11. c3 Rb8 12. Nc2 Bg5 13. Bd3 O-O 14. Nce3 Be6
15. O-O Ne7 16. Qe2 Bxd5 17. Nxd5 Nxd5 18. exd5 f5 19. a4 e4 20. Bc2 Kh8 21.
Kh1 bxa4 22. Bxa4 Qb6 1/2-1/2

[Event "N�-LL 2007/08"]
[Site "?"]
[Date "2007.09.30"]
[Round "2"]
[White "Hansen, Kay"]
[Black "Neumeier, Klaus"]
[Result "0-1"]
[WhiteElo "2193"]
[BlackElo "2289"]
[Annotator "Niederabsdorf - Mauerbach"]
[PlyCount "82"]
[EventDate "2007.09.21"]
[SourceDate "2007.09.21"]

1. Nf3 Nf6 2. b3 g6 3. Bb2 Bg7 4. c4 O-O 5. e3 d6 6. d3 e5 7. Be2 a5 8. Nc3 Na6
9. O-O Nc5 10. d4 exd4 11. Nxd4 a4 12. Rb1 axb3 13. axb3 Nce4 14. Ndb5 c6 15.
Nxe4 Nxe4 16. Bxg7 Kxg7 17. Qd4+ Qf6 18. Rbd1 Qxd4 19. Nxd4 Nc3 20. Rd2 Ra3 21.
Rc1 Nxe2+ 22. Rxe2 c5 23. Nb5 Rxb3 24. Nxd6 Be6 25. e4 Ra8 26. f4 Rb6 27. Rd2
f6 28. h3 Kf8 29. Rc3 Ke7 30. e5 fxe5 31. fxe5 Rb4 32. g4 Ra1+ 33. Kf2 Rbb1 34.
Ne4 b6 35. Rd6 h6 36. Nd2 Rb2 37. Kg3 g5 38. Rf3 Raa2 39. Rf6 Bc8 40. Nf1 Rg2+
41. Kf3 Bb7+ 0-1

[Event "N�-LL 2007/08"]
[Site "?"]
[Date "2007.09.30"]
[Round "2"]
[White "Penz, Harald"]
[Black "Kleiser, Gregor"]
[Result "1/2-1/2"]
[WhiteElo "2329"]
[BlackElo "2302"]
[Annotator "Niederabsdorf - Mauerbach"]
[PlyCount "126"]
[EventDate "2007.09.21"]
[SourceDate "2007.09.21"]

1. e4 c5 2. c3 d5 3. exd5 Qxd5 4. d4 Nf6 5. Nf3 e6 6. Be2 Be7 7. Be3 cxd4 8.
cxd4 O-O 9. Nc3 Qd8 10. Ne5 Nbd7 11. O-O Nb6 12. Bf3 Nbd5 13. Qb3 Nxe3 14. fxe3
Nd7 15. Nxd7 Qxd7 16. Rac1 Rb8 17. d5 Bc5 18. Kh1 Bxe3 19. Rce1 Bb6 20. dxe6
fxe6 21. Re2 Qd3 22. Rd1 Rxf3 23. gxf3 Qxf3+ 24. Rg2 Bd7 25. Re1 Rf8 26. Ne4
Qxb3 27. axb3 Bc6 28. Rge2 Rf4 29. Kg2 h6 30. b4 Bc7 31. Re3 g5 32. h3 Kg7 33.
R3e2 Kg6 34. Kg1 Bd5 35. Nc5 Rxb4 36. Nxe6 Bb6+ 37. Kh2 Bc4 38. Rd2 Rb3 39. Re4
Ba5 40. Rf2 b5 41. Nf8+ Kh5 42. Ne6 Bb6 43. Rf6 Rxb2+ 44. Kg3 Rb3+ 45. Kg2 Rb2+
46. Kg3 Bxe6 47. Rexe6 Bc7+ 48. Kf3 Rb3+ 49. Ke4 Rxh3 50. Rxh6+ Kg4 51. Rxh3
Kxh3 52. Re7 Bb6 53. Re5 g4 54. Rxb5 Kg2 55. Rb2+ Bf2 56. Kf4 g3 57. Rb5 Bd4
58. Rd5 Bf2 59. Rd1 Bc5 60. Rd2+ Bf2 61. Rd1 a5 62. Ra1 Bb6 63. Ra2+ Bf2
1/2-1/2

[Event "N�-LL 2007/08"]
[Site "?"]
[Date "2007.09.30"]
[Round "2"]
[White "W�ber , Friedrich"]
[Black "Wagner , Stefan"]
[Result "1/2-1/2"]
[WhiteElo "2150"]
[BlackElo "2125"]
[Annotator "Zwettl : Krems"]
[PlyCount "41"]
[EventDate "2007.09.21"]
[SourceDate "2007.09.21"]

1. e4 e5 2. Bc4 Nc6 3. Nf3 Bc5 4. O-O Nf6 5. d4 Bxd4 6. Nxd4 Nxd4 7. f4 d6 8.
fxe5 dxe5 9. Bg5 Qe7 10. c3 Ne6 11. Bxf6 gxf6 12. Na3 h5 13. Kh1 Bd7 14. Nc2
O-O-O 15. Qf3 Ng5 16. Qf2 Kb8 17. Rae1 Bc6 18. Nb4 Rd6 19. h4 Nh7 20. Qf5 Nf8
21. Nxc6+ 1/2-1/2

[Event "N�-LL 2007/08"]
[Site "?"]
[Date "2007.09.30"]
[Round "2"]
[White "Mahdy, Khaled"]
[Black "Vykydal, Frantisek"]
[Result "1/2-1/2"]
[WhiteElo "2385"]
[BlackElo "2238"]
[Annotator "Zwettl : Krems"]
[PlyCount "65"]
[EventDate "2007.09.21"]
[SourceDate "2007.09.21"]

1. e4 Nf6 2. e5 Nd5 3. Nc3 Nxc3 4. bxc3 d6 5. f4 c5 6. Nf3 Nc6 7. Bc4 d5 8. Be2
Bg4 9. h3 Bxf3 10. Bxf3 e6 11. O-O Be7 12. Rb1 Rb8 13. c4 Nd4 14. f5 Nxf5 15.
cxd5 exd5 16. c4 dxc4 17. Qa4+ Kf8 18. Qxa7 Qd4+ 19. Rf2 Qxe5 20. Bb2 Nd4 21.
Bxd4 cxd4 22. Bd5 Bf6 23. Rxb7 Rxb7 24. Qxb7 Qe7 25. Qc8+ Qe8 26. Qxc4 Qd8 27.
d3 g6 28. a4 Kg7 29. Qc6 Rf8 30. Bc4 Bh4 31. Rf1 Bg5 32. Qd5 Qxd5 33. Bxd5
1/2-1/2

[Event "N�-LL 2007/08"]
[Site "?"]
[Date "2007.09.30"]
[Round "2"]
[White "Mlynek, Petr"]
[Black "Gruschka, Herbert"]
[Result "1-0"]
[WhiteElo "2185"]
[BlackElo "2074"]
[Annotator "Zwettl : Krems"]
[PlyCount "99"]
[EventDate "2007.09.21"]
[SourceDate "2007.09.21"]

1. d4 Nf6 2. c4 e6 3. g3 Bb4+ 4. Bd2 Qe7 5. Bg2 d5 6. Nf3 Ne4 7. O-O O-O 8. a3
Bxd2 9. Nbxd2 f5 10. Ne5 Nd7 11. Ndf3 a5 12. c5 a4 13. b4 Ndf6 14. Rc1 c6 15.
Qd3 Bd7 16. Nxd7 Nxd7 17. Ne5 Rfc8 18. Rc2 Nef6 19. f4 Nxe5 20. fxe5 Ne4 21. b5
Ra5 22. Rb1 Qd7 23. bxc6 Rxc6 24. Rcb2 Ra7 25. Bxe4 dxe4 26. Qc4 Kf7 27. e3 h5
28. Rb6 g6 29. Qb5 Rc7 30. Qxd7+ Rxd7 31. Rd6 Re7 32. h4 Ra8 33. Rb4 g5 34.
hxg5 Rg8 35. Rxa4 Rxg5 36. Kf2 Rg8 37. Ra7 Rc8 38. a4 Rcc7 39. Ra8 Rcd7 40. Rh8
Kg6 41. Rf8 Kg7 42. Rf6 Rxd6 43. cxd6 Re8 44. Rxe6 Rc8 45. d7 Rd8 46. Rd6 Kf8
47. e6 Ke7 48. Rb6 Ra8 49. d5 Rxa4 50. d6+ 1-0

[Event "N�-LL 2007/08"]
[Site "?"]
[Date "2007.09.30"]
[Round "2"]
[White "Janetschek, Karl"]
[Black "Winiwarter, Felix"]
[Result "1/2-1/2"]
[WhiteElo "2256"]
[BlackElo "2188"]
[Annotator "Zwettl : Krems"]
[PlyCount "24"]
[EventDate "2007.09.21"]
[SourceDate "2007.09.21"]

1. e4 e5 2. Nf3 Nc6 3. Bb5 a6 4. Ba4 Nf6 5. O-O b5 6. Bb3 Bb7 7. Re1 Bc5 8. c3
d6 9. d4 Bb6 10. a4 O-O 11. Bg5 h6 12. Bh4 Qd7 1/2-1/2

[Event "N�-LL 2007/08"]
[Site "Bachwirt, Ardaggerstr. 28"]
[Date "2007.09.30"]
[Round "2"]
[White "Weiss, Christian"]
[Black "Rumpl, Erwin"]
[Result "1-0"]
[WhiteElo "2430"]
[BlackElo "2286"]
[Annotator "Amstetten : P�chlarn"]
[PlyCount "67"]
[EventDate "2007.09.30"]
[SourceDate "2007.09.21"]

1. c4 g6 2. Nf3 Bg7 3. d4 Nf6 4. Nc3 O-O 5. e4 d6 6. Be2 e5 7. O-O Nc6 8. d5
Ne7 9. b4 Nh5 10. a4 Nf4 11. a5 h6 12. Ba3 f5 13. Nd2 Nxe2+ 14. Qxe2 f4 15. f3
g5 16. c5 h5 17. Rac1 a6 18. Nc4 g4 19. b5 gxf3 20. Qxf3 Bg4 21. Qd3 Nc8 22. b6
cxb6 23. axb6 Rb8 24. h3 Bd7 25. Rb1 Qf6 26. c6 bxc6 27. b7 Ne7 28. Bxd6 cxd5
29. Bxb8 Rxb8 30. Nxd5 Nxd5 31. Qxd5+ Qe6 32. Rfd1 Qxd5 33. Rxd5 Bc6 34. Na5
1-0

[Event "N�-LL 2007/08"]
[Site "Bachwirt, Ardaggerstr. 28"]
[Date "2007.09.30"]
[Round "2"]
[White "Wadsack, Wolfgang"]
[Black "Weinzettl, Ernst"]
[Result "1-0"]
[WhiteElo "2210"]
[BlackElo "2290"]
[Annotator "Amstetten : P�chlarn"]
[PlyCount "70"]
[EventDate "2007.09.30"]
[SourceDate "2007.09.21"]

1. e4 e6 2. d4 d5 3. Nc3 Bb4 4. Bd2 Nc6 5. a3 Ba5 6. Bb5 Nge7 7. Nf3 Bxc3 8.
bxc3 dxe4 9. Ng5 Qd5 10. Qe2 e3 11. Bxe3 Qxg2 12. Kd2 Qd5 13. Rhg1 Nf5 14. Bc4
Qa5 15. Qf3 Nce7 16. Rab1 Nd5 17. Rb3 Bd7 18. Bxd5 exd5 19. Rxb7 f6 20. Bf4
fxg5 21. Bxc7 Qa6 22. Qxd5 Qc6 23. Re1+ Kf8 24. Qb3 Re8 25. Rxe8+ Bxe8 26. Be5
h6 27. Rxa7 Qf3 28. Qc4 Qxf2+ 29. Kc1 Qxc2+ 30. Kxc2 Ne3+ 31. Kd3 Nxc4 32.
Bxg7+ Kg8 33. Bxh8 Bb5 34. a4 Nb2+ 35. Kc2 Nxa4 1-0

[Event "N�-LL 2007/08"]
[Site "Bachwirt, Ardaggerstr. 28"]
[Date "2007.09.30"]
[Round "2"]
[White "Knoll, Hermann"]
[Black "Gugler, Edgar"]
[Result "1/2-1/2"]
[WhiteElo "2373"]
[BlackElo "2144"]
[Annotator "Amstetten : P�chlarn"]
[PlyCount "88"]
[EventDate "2007.09.30"]
[SourceDate "2007.09.21"]

1. d4 Nf6 2. Nf3 g6 3. c4 c6 4. Nc3 d5 5. cxd5 cxd5 6. Bf4 Nc6 7. e3 Bg7 8. h3
O-O 9. Be2 Bf5 10. O-O Rc8 11. Rc1 Ne4 12. Qa4 a6 13. Rfd1 Nxc3 14. Rxc3 Qb6
15. Qa3 Rfd8 16. Rdc1 Bf8 17. Qb3 Qxb3 18. axb3 Nb4 19. Rc7 f6 20. Ne1 Rxc7 21.
Rxc7 Rc8 22. Rxc8 Bxc8 23. g4 Kf7 24. f3 Bg7 25. Bc7 e5 26. Ba5 Bf8 27. Kf2 Bd6
28. Bf1 Be6 29. Ke2 Bd7 30. Kd1 Ke6 31. Be2 Nc6 32. Bb6 Nb4 33. Ng2 Nc6 34. f4
e4 35. Nh4 Kf7 36. Ng2 g5 37. f5 Nb4 38. Ne1 Ke7 39. Kd2 Be8 40. Nc2 Nxc2 41.
Kxc2 Bc6 42. Kc3 Kd7 43. Bc5 Bg3 44. Kd2 Bc7 1/2-1/2

[Event "N�-LL 2007/08"]
[Site "Bachwirt, Ardaggerstr. 28"]
[Date "2007.09.30"]
[Round "2"]
[White "Bachmayer, Josef"]
[Black "Kranzl, Peter"]
[Result "0-1"]
[WhiteElo "2084"]
[BlackElo "2234"]
[Annotator "Amstetten : P�chlarn"]
[PlyCount "75"]
[EventDate "2007.09.30"]
[SourceDate "2007.09.21"]

1. d4 Nf6 2. Nc3 d6 3. e4 g6 4. Bg5 Bg7 5. Qd2 O-O 6. O-O-O c6 7. Bh6 b5 8.
Bxg7 Kxg7 9. f3 Qc7 10. g4 e5 11. Nge2 h5 12. gxh5 Nxh5 13. Ng3 Rh8 14. Nce2
Qe7 15. Nxh5+ Rxh5 16. Ng3 Rh4 17. d5 c5 18. Bxb5 Nd7 19. Rhg1 Kh7 20. Rdf1 Qf6
21. Rf2 Rb8 22. Bxd7 Bxd7 23. Ne2 Rxe4 24. Qa5 Rb7 25. b3 Reb4 26. a3 R4b5 27.
Qc3 c4 28. b4 a5 29. f4 axb4 30. axb4 Rxb4 31. Kd2 R7b5 32. Rff1 Qe7 33. f5 Qh4
34. fxg6+ fxg6 35. Rf7+ Kg8 36. Qf3 c3+ 37. Nxc3 Qd4+ 38. Ke1 {ZUe (Klappe)!}
0-1

[Event "N�-LL 2007/08"]
[Site "?"]
[Date "2007.09.30"]
[Round "2"]
[White "Flumbort, Andreas"]
[Black "Volkmann, Friedrich Karl"]
[Result "0-1"]
[WhiteElo "2478"]
[BlackElo "2416"]
[Annotator "Wr.Neustadt : B�hlerwerk"]
[PlyCount "88"]
[EventDate "2007.09.21"]
[SourceDate "2007.09.21"]

1. d4 d5 2. c4 Nc6 3. Nf3 Bg4 4. Nc3 e6 5. cxd5 exd5 6. Bf4 Bxf3 7. gxf3 Bd6 8.
Bg3 Nge7 9. e3 h5 10. Rc1 Bb4 11. Bd3 h4 12. Bf4 f6 13. h3 g5 14. Bh2 Bd6 15.
Bg1 Nb4 16. Be2 c6 17. a3 Na6 18. Na4 b5 19. Kf1 bxa4 20. Bxa6 Rb8 21. Qe2 Rb3
22. e4 Qb6 23. Rc2 O-O 24. exd5 cxd5 25. Bd3 Qxd4 26. Rd2 Qe5 27. Bc2 Rb7 28.
Qd3 Rf7 29. Bh2 Qe6 30. Bxd6 Qxd6 31. Bxa4 Kg7 32. Bb3 Ng6 33. Qxd5 Qxd5 34.
Bxd5 Rfd7 35. Ke1 Rb5 36. Bc6 Rxd2 37. Kxd2 Rxb2+ 38. Ke3 Rc2 39. Bd5 Nf4 40.
Be4 Rc3+ 41. Kd4 Rxa3 42. Rb1 Ra4+ 43. Ke3 Nxh3 44. Rb7+ Kf8 0-1

[Event "N�-LL 2007/08"]
[Site "?"]
[Date "2007.09.30"]
[Round "2"]
[White "Schroll, Gerhard"]
[Black "Heimberger, Reinhard"]
[Result "1-0"]
[WhiteElo "2386"]
[BlackElo "2229"]
[Annotator "Wr.Neustadt : B�hlerwerk"]
[PlyCount "71"]
[EventDate "2007.09.21"]
[SourceDate "2007.09.21"]

1. d4 d5 2. c4 e6 3. Nf3 Nf6 4. Nc3 Be7 5. Bf4 c6 6. e3 O-O 7. Qc2 Nbd7 8. Bd3
dxc4 9. Bxc4 Nd5 10. Bg3 N7f6 11. Bh4 b5 12. Bxd5 Nxd5 13. Nxd5 cxd5 14. Bxe7
Qxe7 15. O-O Ba6 16. Qc6 Qb7 17. Qxb7 Bxb7 18. Ne5 Rfc8 19. Nd3 Rc2 20. Rfc1
Rxc1+ 21. Rxc1 Rc8 22. Nc5 Bc6 23. Rc3 Kf8 24. Ra3 Rc7 25. Kf1 Ke7 26. Ke1 Kd8
27. Kd2 Be8 28. Kc3 Kc8 29. Kb4 Re7 30. f4 h5 31. Rc3 Rc7 32. g3 g6 33. Ka5 Kd8
34. Ka6 Bc6 35. Nd3 Kd7 36. Ne5+ 1-0

[Event "N�-LL 2007/08"]
[Site "?"]
[Date "2007.09.30"]
[Round "2"]
[White "Eberl, Hans-Christian"]
[Black "Staberhofer, Rainer"]
[Result "1/2-1/2"]
[WhiteElo "2092"]
[BlackElo "2171"]
[Annotator "Wr.Neustadt : B�hlerwerk"]
[PlyCount "55"]
[SourceDate "2007.09.21"]

1. e4 d5 2. exd5 Qxd5 3. Nc3 Qa5 4. d4 c6 5. Nf3 Nf6 6. Bc4 Bf5 7. Bd2 e6 8.
Nd5 Qd8 9. Nxf6+ Qxf6 10. Qe2 Bg4 11. O-O-O Be7 12. Kb1 Bxf3 13. gxf3 Nd7 14.
Bc3 Qh4 15. Rhg1 b5 16. Rg4 Qh5 17. d5 Nf6 18. dxe6 bxc4 19. Rxg7 Nd5 20. Qxc4
Rc8 21. exf7+ Kd7 22. Rg4 Rhf8 23. Rgd4 Qxf3 24. a3 Rxf7 25. Rxd5+ cxd5 26.
Rxd5+ Bd6 27. Rxd6+ Kxd6 28. Qxc8 1/2-1/2

[Event "N�-LL 2007/08"]
[Site "?"]
[Date "2007.09.30"]
[Round "2"]
[White "Posch, Werner"]
[Black "Neumann, Christian"]
[Result "1-0"]
[WhiteElo "2173"]
[BlackElo "1957"]
[Annotator "Wr.Neustadt : B�hlerwerk"]
[PlyCount "43"]
[EventDate "2007.09.21"]
[SourceDate "2007.09.21"]

1. e4 e5 2. Nc3 Bc5 3. Bc4 Nf6 4. d3 h6 5. f4 d6 6. Nf3 Nc6 7. Na4 Bg4 8. c3
Qe7 9. Nxc5 dxc5 10. h3 Bd7 11. O-O O-O 12. fxe5 Nxe5 13. Nxe5 Qxe5 14. Bf4 Qe7
15. Qf3 Nh7 16. Qg3 Ng5 17. Bxc7 Nxh3+ 18. gxh3 Bxh3 19. Bd6 Qg5 20. Qxg5 hxg5
21. Bxf8 Bxf1 22. Bxc5 1-0

[Event "N�-LL 2007_08"]
[Site "?"]
[Date "2007.09.30"]
[Round "2"]
[White "Kummer, Helmut"]
[Black "Denk, Adolf"]
[Result "1-0"]
[WhiteElo "2324"]
[BlackElo "2259"]
[Annotator "St.P�lten : Bad V�slau"]
[PlyCount "69"]
[EventDate "2007.10.10"]
[SourceDate "2007.10.19"]

1. d4 Nf6 2. c4 e6 3. Nf3 c5 4. d5 exd5 5. cxd5 d6 6. Nc3 g6 7. Nd2 Nbd7 8. e4
a6 9. a4 Bg7 10. Be2 O-O 11. O-O Rb8 12. Nc4 Ne8 13. a5 Qe7 14. Bf4 Ne5 15.
Bxe5 Bxe5 16. Nxe5 Qxe5 17. f4 Qg7 18. Bc4 b5 19. axb6 Rxb6 20. Qd2 Kh8 21. b3
f6 22. Rae1 Bd7 23. Rf2 Nc7 24. e5 Nb5 25. Ne4 fxe5 26. fxe5 Bf5 27. Bxb5 Bxe4
28. Bc6 Rb4 29. e6 Rxf2 30. Qxf2 Qe7 31. Rf1 Bf5 32. Qe3 Kg8 33. h3 Re4 34. Qg3
Rd4 35. Rxf5 1-0

[Event "N�-LL 2007_08"]
[Site "?"]
[Date "2007.09.30"]
[Round "2"]
[White "Ganaus, Hannes"]
[Black "Zojer, Thomas"]
[Result "1/2-1/2"]
[WhiteElo "2340"]
[BlackElo "2114"]
[Annotator "St.P�lten : Bad V�slau"]
[PlyCount "90"]
[EventDate "2007.10.10"]
[SourceDate "2007.10.19"]

1. d4 f5 2. Qd3 d6 3. g4 fxg4 4. h3 g6 5. hxg4 Nc6 6. Nf3 Bxg4 7. Ng5 Nf6 8. f3
Bd7 9. e4 e5 10. d5 Ne7 11. Bh3 Bxh3 12. Rxh3 Qd7 13. Ne6 c6 14. c4 Nh5 15. Nc3
Ng7 16. Ng5 h6 17. Rh2 Ng8 18. Be3 Nf6 19. O-O-O c5 20. Nh3 Ngh5 21. a3 Bg7 22.
Rg1 g5 23. Nf2 O-O-O 24. b4 b6 25. Kd2 a6 26. Rb1 Kc7 27. Qc2 Rb8 28. Rhh1 Nf4
29. Na4 h5 30. bxc5 bxc5 31. Bxc5 dxc5 32. Nxc5 Qd6 33. Ncd3 Qxa3 34. Ra1 Qb3
35. Rxa6 Qxc2+ 36. Kxc2 Nd7 37. c5 Ra8 38. Rha1 Rxa6 39. Rxa6 Rb8 40. Ra7+ Rb7
41. Rxb7+ Kxb7 42. c6+ Kc7 43. cxd7 Kxd7 44. Kd2 Kd6 45. Kc1 Nxd5 1/2-1/2

[Event "N�-LL 2007_08"]
[Site "?"]
[Date "2007.09.30"]
[Round "2"]
[White "Lampl, Gerald"]
[Black "R�hrl, Karl"]
[Result "1/2-1/2"]
[WhiteElo "2094"]
[BlackElo "2221"]
[Annotator "St.P�lten : Bad V�slau"]
[PlyCount "100"]
[EventDate "2007.10.10"]
[SourceDate "2007.10.19"]

1. d4 d6 2. c4 g6 3. Nc3 Bg7 4. e4 Nc6 5. Be3 e5 6. Nge2 exd4 7. Nxd4 Nge7 8.
Qd2 O-O 9. Be2 f5 10. h4 Nxd4 11. Bxd4 Bxd4 12. Qxd4 Be6 13. h5 Nc6 14. Qd2 f4
15. hxg6 hxg6 16. O-O-O Qf6 17. Nb5 Rac8 18. Rh2 a6 19. Nd4 Nxd4 20. Qxd4 Qxd4
21. Rxd4 Kg7 22. Rd1 Rh8 23. Rdh1 Rxh2 24. Rxh2 Bf7 25. Kc2 Re8 26. Bd3 Re5 27.
Kc3 Be8 28. Rh4 g5 29. Rh1 Bg6 30. f3 Bf7 31. Kd4 a5 32. b3 c5+ 33. Kc3 Re6 34.
Be2 Rh6 35. Rxh6 Kxh6 36. Kd2 Kh5 37. Ke1 Kh4 38. Kf2 Be6 39. Bd1 a4 40. Be2
axb3 41. axb3 g4 42. Bf1 Kg5 43. Ke2 Bd7 44. Ke1 Kf6 45. Kd2 Be8 46. Be2 gxf3
47. gxf3 Bh5 48. Bd1 Ke7 49. Be2 Kd7 50. Kc3 Ke6 1/2-1/2